|
|
|
|
| LEADER |
00619nam a22001931a 4500 |
| 020 |
|
|
|a 9780333912379
|c 0.00
|
| 040 |
|
|
|a SSUS - Library - Kalady
|
| 082 |
|
|
|a 822
|b THO/S
|
| 100 |
|
|
|a Thomas Kyd
|
| 245 |
|
|
|a The spanish tragedy
|h [Text]
|
| 260 |
|
|
|a Chennai
|b Macmillan
|c 2005
|
| 300 |
|
|
|a 164p.
|
| 600 |
|
|
|a Drama English
|
| 600 |
|
|
|a Literature English
|
| 600 |
|
|
|a Literature
|
| 852 |
|
|
|h 822
|i THO/S
|p 057099
|9 66.00
|t 0
|
| 942 |
|
|
|c BK
|
| 999 |
|
|
|c 43290
|d 43290
|
| 952 |
|
|
|0 0
|1 0
|4 0
|6 822_000000000000000_THO_S
|7 0
|9 62682
|a SSUS
|b SSUS
|c STACKS
|d 2015-01-08
|g 66.00
|l 5
|m 3
|o 822 THO/S
|p 057099
|r 2020-11-24
|s 2017-09-27
|v 0.00
|w 2015-01-08
|y BK
|